000 00526nam a2200205 a 4500
001 BRCA_7975
005 20190320210058.0
008 110314s1952----nyu####f##---#000-0#eng-#
041 _aeng
044 _anyu
050 4 _aPS3515
_b.H949
_c1952
100 1 _aHuntington, Archer Milton
_919773
245 1 0 _aTapestry 2
_cby Archer Milton Huntington.
260 _aNew York
_bA. M. Huntington
_c1952
300 _aIX, 57 p.
_c23 cm.
500 _a3154
650 1 4 _aTapices
_vPoesía
_919774
902 _aGFM
942 _2lcc
_cB
999 _c7644
_d7644